Dictamen sobre alumbramientos de aguas / (Record no. 183683)

MARC details
000 -LEADER
campo de control de longitud fija 00544nam a22001691i 4500
001 - NÚMERO DE CONTROL
campo de control 183683
003 - IDENTIFICADOR DE NÚMERO DE CONTROL
campo de control ES-MaACL
005 - FECHA Y HORA DE LA ÚLTIMA TRANSACCIÓN
campo de control 20230906221943.0
008 - DATOS DE LONGITUD FIJA--INFORMACIÓN GENERAL
campo de control de longitud fija 140923s1868 sp |||| | spa d
080 ## - NÚMERO DE LA CLASIFICACIÓN DECIMAL UNIVERSAL
Número de la Clasificación Decimal Universal 556.32(460)
245 00 - MENCIÓN DEL TÍTULO
Título Dictamen sobre alumbramientos de aguas /
Mención de responsabilidad, etc. por Manuel Cortina ... [et al.].
260 ## - PUBLICACIÓN, DISTRIBUCIÓN, ETC.
Lugar de publicación, distribución, etc. Madrid :
Nombre del editor, distribuidor, etc. [s.n.],
Fecha de publicación, distribución, etc. 1868 (
Fabricante Imp. del Colegio de Sordo-Mudos y de Ciegos)
300 ## - DESCRIPCIÓN FÍSICA
Extensión 32 p. ;
Dimensiones 23 cm.
650 #4 - PUNTO DE ACCESO ADICIONAL DE MATERIA--TÉRMINO DE MATERIA
Término de materia o nombre geográfico como elemento de entrada Aguas subterráneas.
9 (RLIN) 135536
700 1# - ENTRADA AGREGADA--NOMBRE PERSONAL
Nombre de persona Cortina, Manuel.
9 (RLIN) 176289
852 4# - LOCALIZACIÓN
Ubicación ES-MaACL
Número de control de estantería T-138-F-3
Holdings
Estatus retirado Estado de pérdida Estado de daño No para préstamo Colección Biblioteca de origen Biblioteca actual Ubicación en estantería Fecha de adquisición Fuente de adquisición Total de préstamos Signatura topográfica completa Código de barras Visto por última vez Precio de reemplazo Tipo de ítem Koha
        Colección de folletos Biblioteca del Ateneo de Madrid Biblioteca del Ateneo de Madrid Depósito folletos 23/09/2014     T-138-F-3 1193106 23/02/2023 23/02/2023 Folleto